<?xml version="1.0" encoding="UTF-8"?>
<record
    xmlns:xsi="http://www.w3.org/2001/XMLSchema-instance"
    xsi:schemaLocation="http://www.loc.gov/MARC21/slim http://www.loc.gov/standards/marcxml/schema/MARC21slim.xsd"
    xmlns="http://www.loc.gov/MARC21/slim">

  <leader>00550nam a2200133Ia 4500</leader>
  <controlfield tag="001">3447</controlfield>
  <controlfield tag="008">241024s9999    xx            000 0 und d</controlfield>
  <datafield tag="082" ind1=" " ind2=" ">
    <subfield code="a">RD/633.97293/B213d</subfield>
  </datafield>
  <datafield tag="100" ind1=" " ind2=" ">
    <subfield code="a">Rep&#xFA;blica Dominicana.Banco Agricola de la Rep&#xFA;blica Dominicana</subfield>
  </datafield>
  <datafield tag="245" ind1=" " ind2="0">
    <subfield code="a">Dise&#xF1;o de la modalidad de finanaciamiento del sistema de riego seleccionado para cada una de las regiones productoras de banano para exportaci&#xF3;n mediante componentes de subsidio cr&#xE9;dito y trabajo</subfield>
  </datafield>
  <datafield tag="260" ind1=" " ind2=" ">
    <subfield code="b">Santo Domingo</subfield>
    <subfield code="c">2012</subfield>
  </datafield>
  <datafield tag="901" ind1=" " ind2=" ">
    <subfield code="a">6/11/2013 3:38:24 p.m.</subfield>
  </datafield>
  <datafield tag="999" ind1=" " ind2=" ">
    <subfield code="c">8009</subfield>
    <subfield code="d">8009</subfield>
  </datafield>
</record>
